La elección presidencial de 1970
Αποθηκεύτηκε σε:
| Κύριος συγγραφέας: | |
|---|---|
| Μορφή: | Βιβλίο |
| Γλώσσα: | Ισπανικά |
| Έκδοση: |
Santiago
s.n
1984
|
| Θέματα: | |
| Ετικέτες: |
Προσθήκη ετικέτας
Δεν υπάρχουν, Καταχωρήστε ετικέτα πρώτοι!
|
MARC
| LEADER | 00000nam a2200000 a 4500 | ||
|---|---|---|---|
| 001 | UCM0155 | ||
| 003 | CL-VaPUC | ||
| 008 | 020125e19840000CL |||||||||||||||||spa|d | ||
| 082 | 0 | 4 | |a 324.983 |b QUE |2 21 |
| 100 | 0 | |a Quezada Lagos, Fernando |e author |9 466836 | |
| 245 | 1 | 3 | |a La elección presidencial de 1970 |
| 300 | |a 120 p | ||
| 942 | |c BK | ||
| 945 | |d 20020125 00:00:00 |a vberengu | ||
| 260 | |a Santiago |b s.n |c 1984 | ||
| 650 | 7 | |a ELECCIONES 1970 |2 CL-VaPUC |9 466837 | |
| 650 | 0 | |a Elecciones presidenciales |9 354283 | |
| 651 | 7 | |a CHILE |2 CL-VaPUC |9 466838 | |
| 583 | |a last modification |c 20130316 10:58:44 |k Rodrigo Vera | ||
| 999 | |c 299196 |d 299194 | ||
| 952 | |0 0 |1 0 |4 0 |6 324_983000000000000_QUE_1984 |7 0 |8 A |9 355429 |a BIBHIS |b BIBHIS |d 2019-11-21 |i 3791181 |o 324.983 QUE 1984 |p 3791181 |r 2025-01-20 |w 2019-11-21 |y BK |k HIS | ||